000 01361nam a2200337 i 4500
003 PPAK
005 20250911115358.0
008 250911t20242024my er 000 0 may d
020 _a9786297558066
_cRM 50.00
_qpaperback
040 _aPPAK
_beng
_cPPAK
_erda
041 1 _amay
_hara
082 0 4 _223
_a297.1255812
090 0 0 _a297.1255812
_bSYA
_dG
100 1 _aAl-Syafie, Nasir al-Sunnah Al-Imam Muhammad Bin Idris
_eauthor,
_ecompiler.
245 1 0 _6880-01
_aTERJEMAHAN SUNAN AL-SYAFIE /
_cKarya: Nasir Al-Sunnah Al-Imam Muhammad Bin Idris Al-Syafie ; Terjemahan: Maulana Hussein Abdul Kadir Al-Yusufi
264 1 _aSemenyih : Selangor :
_bDarul Fitri Resources,
_c2024
264 4 _c©2024
300 _a460 pages ;
_c26 cm
336 _atext
_2rdacontent
337 _aunmediated
_2rdamedia
338 _avolume
_2rdacarrier
500 _aContains verses from the Qur'an and quotes from the Hadith
500 _aMagnum Opus Kitab Hadis Susunan Imam Al-Syafie --cover page
600 0 _aShafi'i, Muhammad Ibn Idris,
_d767 or 8-820
_vHadith scholars
650 1 0 _aHadith
650 2 0 _aHadith
_xCriticism, interpretation, etc
650 2 0 _aIslam
_x Customs and practices
700 0 _aHussein Abdul Kadir Al-Yusufi,
_d1958-
_cMaulana,
_etranslator.
880 1 0 _6245-01
_aسُنَنُ الشَّافِعِي
942 _2ddc
_cB
999 _c200718
_d200718